header

Reforming the Malawian public sector (Record no. 82217)

MARC details
000 -LEADER
fixed length control field 01080nam a2200265Ia 4500
245 00 - TITLE STATEMENT
Title Reforming the Malawian public sector
260 ## - PUBLICATION, DISTRIBUTION, ETC. (IMPRINT)
Place of publication Dakar, Senegal :
Name of publisher CODESRIA,
Year of publication c2010.
300 ## - PHYSICAL DESCRIPTION
Number of Pages v, 138 p.
650 #0 - SUBJECT ADDED ENTRY--TOPICAL TERM
Topical Term Public administration
Topical Term Government business enterprises
700 1# - ADDED ENTRY--PERSONAL NAME
Personal name Tambulasi, Richard I. C.
856 40 - ELECTRONIC LOCATION AND ACCESS
Uniform Resource Identifier http://site.ebrary.com/lib/rucke/Doc?id=10405187

No items available.

© 2026 Rongo University
Contact us: librarian | system librarian | Rongo university